00402 a2200133 4500020001800000082001200018100002400030245009200054250001200146260003000158300003000188700002800218700002200246 a9788131710265 a629.895 aMuhammad Ali Mazidi aThe 8051 microcontroller and embedded systems using assembly and CcMuhammad Ali Mazidi a2nd ed. aNew Delhi.bPearsonc2006 axii, 547p.:bill.;c25cm. aJanice Gillispie Mazidi aRolin D. McKinlay